| 000 | 00520nam a2200181Ia 4500 | ||
|---|---|---|---|
| 999 |
_c21585 _d21585 |
||
| 003 | OSt | ||
| 005 | 20201106115431.0 | ||
| 008 | 190216s9999||||xx |||||||||||||| ||und|| | ||
| 020 | _a9789380031507 | ||
| 040 | _coclc | ||
| 082 |
_a891.1 _bCHO/W |
||
| 100 |
_aChopra, Vijay K _96318 |
||
| 245 | 0 |
_aWomen The Weaker Sex! Relocating Man / _cVijay K Chopra |
|
| 260 |
_bAbhijeet Publications, _c2010. _aDelhi: |
||
| 300 | _a131p | ||
| 650 | _aHistory | ||
| 942 |
_cBK _2ddc _h891.1 _iCHO/W _k891.1 _mCHO/W |
||